[Event "Jugoslavija (ch)"]
[Site "?"]
[Date "1989.??.??"]
[Round "?"]
[White "Popovic, P."]
[Black "Kozul, Z."]
[Result "1-0"]
[WhiteElo "2535"]
[BlackElo "2490"]
[PlyCount "57"]
[EventDate "1989.??.??"]
[Source "ChessBase"]
[SourceDate "1989.01.01"]

1. e4 c5 2. Nf3 d6 3. d4 cxd4 4. Nxd4 Nf6 5. Nc3 g6 6. Be3 Bg7 7. f3 O-O 8. Qd2 Nc6 9. O-O-O Nxd4 10. Bxd4 Be6 11. Kb1 Qc7 12. g4 Rfc8 13. g5 Nd7 14. Bxg7 Kxg7 15. Nd5 Bxd5 16. exd5 Nb6 17. Bh3 Rh8 18. Bg4 h5 19. Bh3 Rhe8 20. Rhe1 Nd7 21. Re3 f5 22. Rde1 Nf8 23. Qe2 Kf7 24. f4 Rac8 25. c3 Qd7 26. Re6 Kg8 27. Bxf5 gxf5 28. Qxh5 Rxc3 29. Rh6 1-0

[Event "Corr"]
[Site "?"]
[Date "2001.06.20"]
[Round "?"]
[White "Sabaev Sergey Valentinovic"]
[Black "Neuvonen Olavi (FIN)"]
[Result "1-0"]
[WhiteElo "2583"]
[BlackElo "2438"]
[PlyCount "55"]
[EventDate "2001.??.??"]
[Source "www.chesslib.no"]
[SourceDate "2004.05.04"]

1. e4 c5 2. Nf3 d6 3. d4 cxd4 4. Nxd4 Nf6 5. Nc3 g6 6. Be3 Bg7 7. f3 O-O 8. Qd2 Nc6 9. O-O-O Nxd4 10. Bxd4 Be6 11. Kb1 Qc7 12. h4 d5 13. exd5 Nxd5 14. Bxg7 Kxg7 15. Nxd5 Bxd5 16. h5 Rad8 17. Bd3 Rh8 18. h6+ Kf8 19. Qe3 f6 20. c4 Bc6 21. Qxa7 Kf7 22. Qe3 e6 23. Rhe1 Rhe8 24. Bc2 Rxd1+ 25. Rxd1 Qg3 26. b4 Qxg2 27. b5 Qxf3 28. Rd7+ 1-0

[Event "32nd TCh-GRE"]
[Site "Kallithea Chalkidiki"]
[Date "2003.07.10"]
[Round "8"]
[White "Spasov, Vasil"]
[Black "Polzin, Rainer"]
[Result "1/2-1/2"]
[WhiteElo "2556"]
[BlackElo "2464"]
[PlyCount "32"]
[EventDate "2003.07.04"]
[Source "Roberto Alvarez"]
[SourceDate "2003.07.14"]

1. e4 c5 2. Nf3 d6 3. d4 cxd4 4. Nxd4 Nf6 5. Nc3 g6 6. Be3 Bg7 7. f3 O-O 8. Qd2 Nc6 9. O-O-O d5 10. Qe1 e6 11. h4 Qc7 12. h5 Nxh5 13. g4 Nxd4 14. Bxd4 Bxd4 15. Rxd4 Qf4+ 16. Kb1 Qxf3 1/2-1/2